Southville International School and Colleges
Your cart is empty.
  • Cart
  • Lists
    Public lists Eva Luna New books Lux_list list_1
    Your lists Log in to create your own lists
  • Log in to your account
  • Your cookies
  • Search history
Southville International School and Colleges
  • Advanced search
  • Recent comments
  • Most popular
  • Libraries

Log in to your account

Log in with GOOGLE


If you do not have an external account, but do have a local account, you can still log in:

  1. Home
  2. MARC view: Cyber Ethics /
Normal view MARC view ISBD view

Cyber Ethics / (Record no. 39250)

[ view plain ]
MARC details
000 -LEADER
fixed length control field 00408nam a2200157 a 4500
005 - DATE AND TIME OF LATEST TRANSACTION
control field 20140311163003.0
008 - FIXED-LENGTH DATA ELEMENTS--GENERAL INFORMATION
fixed length control field 030127s19uu xx 00 eng d
050 ## - LIBRARY OF CONGRESS CALL NUMBER
Classification number TK 5105.875
Item number .H157 2002
100 ## - MAIN ENTRY--PERSONAL NAME
Personal name Halbert, Terry
245 ## - TITLE STATEMENT
Title Cyber Ethics /
Statement of responsibility, etc Terry Halbert.
300 ## - PHYSICAL DESCRIPTION
Extent 260 p. :
Dimensions 26 cm.
521 ## - TARGET AUDIENCE NOTE
Target audience note
650 ## - SUBJECT ADDED ENTRY--TOPICAL TERM
Topical term or geographic name as entry element Internet
General subdivision moral & ethical aspects
942 ## - ADDED ENTRY ELEMENTS (KOHA)
Koha item type Books
Source of classification or shelving scheme Library of Congress Classification
Call number prefix Foreign
Holdings
Withdrawn status Lost status Source of classification or shelving scheme Damaged status Home library Current library Shelving location Date acquired Total Checkouts Full call number Barcode Date last seen Price effective from Koha item type
    Library of Congress Classification   College Library College Library General Circulation Section 01/27/2003   TK 5105.875 .H157 2002 C1861 05/15/2018 02/19/2014 Books

Cyber Ethics /

APA

Halbert T., .Cyber Ethics. : .

Chicago

Halbert Terry, .Cyber Ethics. : .

Harvard

Halbert T., .Cyber Ethics. : .

MLA

Halbert Terry, .: . .

  • Place hold
  • Print
  • Cite
  • Add to your cart (remove)
  • Save record
    BIBTEX Dublin Core MARCXML MARC (non-Unicode/MARC-8) MARC (Unicode/UTF-8) MARC (Unicode/UTF-8, Standard) MODS (XML) RIS
  • More searches
    Search for this title in:
    Other Libraries (WorldCat) Other Databases (Google Scholar) Online Stores (Bookfinder.com) Open Library (openlibrary.org)

Exporting to Dublin Core...

SOUTHVILLE LIBRARY

Southville International School and Colleges Library

1281 Tropical Ave. Cor. Luxembourg St., BF Homes International, Las Pinas City

Tel. No. 8256374 / 252358 Loc. 117/146

Powered by Koha